Advanced aspect of milling machine operation(with 4 pages pamphlet) [DVD video] (Record no. 292733)

000 -LEADER
fixed length control field 00345 a2200133 4500
001 - CONTROL NUMBER
control field 57660
082 ## - DEWEY DECIMAL CLASSIFICATION NUMBER
Classification number 80275
090 ## - LOCALLY ASSIGNED LC-TYPE CALL NUMBER (OCLC); LOCAL CALL NUMBER (RLIN)
-- 35341
-- 35341
100 ## - MAIN ENTRY--PERSONAL NAME
Personal name Rudy Kouhoupt
245 ## - TITLE STATEMENT
Title Advanced aspect of milling machine operation(with 4 pages pamphlet) [DVD video]
260 ## - PUBLICATION, DISTRIBUTION, ETC.
Name of publisher, distributor, etc. New Life Video Productions
Date of publication, distribution, etc. 2000
500 ## - GENERAL NOTE
General note CD/DVD
505 ## - FORMATTED CONTENTS NOTE
Formatted contents note IE
942 ## - ADDED ENTRY ELEMENTS (KOHA)
Institution code [OBSOLETE] NUST-CAE
Call number prefix 80275
Holdings
Withdrawn status Lost status Damaged status Not for loan Collection code Permanent Location Current Location Date acquired Total Checkouts Full call number Barcode Date last seen Price effective from Koha item type
          College of Aeronautical Engineering (CAE) College of Aeronautical Engineering (CAE) 04/03/2017   80275 CAE80275 04/05/2017 04/05/2017 Book
© 2023 Central Library, National University of Sciences and Technology. All Rights Reserved.